| 000 | 00386nam a2200157Ia 4500 | ||
|---|---|---|---|
| 008 | 230524s9999 xx 000 0 und d | ||
| 082 |
_a335.40924 _bGOY |
||
| 100 |
_aKaushal K. Goyal _945125 |
||
| 245 | 0 | _aKARL MARX : A Biography | |
| 250 | _a1 | ||
| 260 |
_aDelhi _bPigeon _c2020 |
||
| 300 | _a163p; | ||
| 500 | _aQuantity Number: 1 | ||
| 650 |
_aMiscellaneous _91877 |
||
| 942 | _cBK | ||
| 999 |
_c60749 _d60749 |
||